| 000 | 00605nam a22001937i 4500 | ||
|---|---|---|---|
| 001 | 6143 | ||
| 003 | OSt | ||
| 005 | 20181107143807.0 | ||
| 007 | tu | ||
| 008 | 161220s1995 xxu||||| |||| 00| 0 d | ||
| 024 | 7 |
_a6143 _2RID |
|
| 024 | 7 |
_a6143 _2RSN (alt) |
|
| 040 | _cOSt | ||
| 100 | 1 | _aBerka, Gerhard | |
| 245 | 0 | 0 | _aArbeit im Modernisierungsprozess |
| 260 |
_aWien : _bBeirat für gesellschafts-, wirtschafts- und umweltpolitische Alternativen (BEIGEWUM), _c1995. |
||
| 490 |
_aKurswechsel. Zeitschrift für gesellschafts-, wirtschafts- und umweltpolitische Alternativen _v2/1995 _x1016-8419 |
||
| 942 | _cP | ||
| 999 |
_c5782 _d5782 |
||